Grupos de países que terminan por las mismas tres letras. - Estadísticas

Estadísticas generales
  • Esta prueba ha sido intentada 562 veces
    531 desde el último reinicio
  • La puntuación promedio es 50 de 96
Estadísticas de respuestas
Respuesta % Correcto
Uay Paraguay
82%
Uruguay
82%
Alemania
80%
Afganistán
77%
Uzbekistán
77%
Tan Turkmenistán
76%
Colombia
75%
Pakistán
74%
Francia
73%
Kazajistán
73%
Sia Rusia
73%
Polonia
72%
Corea del Sur
71%
Kirguistán
71%
República del Congo
71%
Ngo República Democrática del Congo
71%
Tayikistán
71%
Finlandia
69%
Argentina
68%
Laos
68%
Rumanía
68%
Cia Suecia
68%
Albania
67%
Australia
66%
Sur Sudán del Sur
66%
Nia Ucrania
65%
Islandia
64%
Croacia
62%
Estonia
62%
Lituania
62%
Letonia
61%
Bolivia
60%
Bulgaria
60%
Indonesia
60%
Italia
60%
Malasia
60%
Gal Portugal
59%
India
58%
Nam Surinam
57%
China
56%
Eslovenia
56%
Irlanda
56%
Austria
55%
Hungría
55%
Bia Serbia
55%
Vietnam
55%
Argelia
54%
Namibia
54%
Tailandia
54%
Grecia
53%
Libia
52%
Uia Eslovaquia
51%
Via Moldavia
51%
Nigeria
51%
Senegal
51%
Armenia
50%
Bielorrusia
50%
Estados Unidos
49%
Macedonia del Norte
49%
Turquía
49%
Dor Ecuador
48%
Siria
48%
Ina Bosnia y Herzegovina
47%
Somalia
47%
Ada Canadá
46%
Uganda
46%
Guinea
45%
Tanzania
45%
Zambia
45%
Rte Corea del Norte
44%
Aos Palaos
44%
Dos Barbados
42%
Lia Mongolia
41%
Gambia
40%
Kenia
40%
Nda Ruanda
40%
República Dominicana
39%
Bélgica
37%
Ria Liberia
37%
Costa Rica
36%
Ica Dominica
35%
Bután
34%
Jordania
33%
Micronesia
33%
Mauritania
31%
Ana Botsuana
28%
Guyana
28%
Ano Libano
27%
El Salvador
26%
Ghana
26%
Nea Papúa Nueva Guinea
24%
Santa Lucía
23%
Granada
22%
Ciudad del Vaticano
19%
República Centroafricana
18%
Dia Suazilandia
16%
No se encontraron pruebas coincidentes
Distribución de puntuación
Porcentaje de gente con cada puntuación
Porcentaje por número respondido
Historial de tus puntuaciones
No has intentado esta prueba desde el último reinicio